[Event "Stuttgart-chB int"]
[Site "Ditzingen"]
[Date "2008.05.03"]
[Round "5"]
[White "Stiller, Norbert"]
[Black "Koeller, Horst"]
[Result "0-1"]
[WhiteElo "1239"]
[BlackElo "1599"]
[PlyCount "101"]
[EventDate "2008.05.01"]
[EventType "swiss"]
[EventRounds "7"]
[EventCountry "GER"]
[SourceTitle "EXT 2018"]
[Source "ChessBase"]
[SourceDate "2017.10.13"]
[SourceVersion "1"]
[SourceVersionDate "2017.10.13"]
[SourceQuality "1"]

1. d4 Nf6 2. Nf3 d6 3. Nbd2 g6 4. e3 Bg7 5. Bd3 0-0 6. 0-0 Nbd7 7. b3 Re8 8. Bb2 c6 9. Re1 Qc7 10. c4 e5 11. Qc2 b6 12. dxe5 dxe5 13. Rad1 Bb7 14. e4 c5 15. Nb1 Re7 16. Nc3 Rae8 17. Be2 a6 18. Nd5 Bxd5 19. cxd5 Qd6 20. Nd2 b5 21. a4 Rb8 22. Ba3 Bh6 23. a5 Bxd2 24. Qxd2 Nxe4 25. Qc2 f5 26. Bf1 Nef6 27. Qd2 b4 28. Bb2 Ne4 29. Qc2 Ng5 30. Bc4 Nf7 31. Qe2 Ra8 32. Qf3 e4 33. Qg3 Qxg3 34. fxg3 Nd6 35. Bf1 h5 36. Bc1 Nb7 37. Bg5 Ree8 38. d6 Nxa5 39. Ra1 Nc6 40. Bc4+ Kg7 41. Bxa6 Nce5 42. Bb5 Ra3 43. Rab1 Rb8 44. Bxd7 Nxd7 45. Bc1 Ra6 46. Bg5 Rba8 47. Rec1 Rc6 48. Bf4 Kf7 49. Rc4 Ke6 50. Rb2 Ra3 51. Bc1 0-1

[Event "Stuttgart-chB int"]
[Site "Ditzingen"]
[Date "2008.05.02"]
[Round "4"]
[White "Dietsche, Birgit"]
[Black "Stiller, Norbert"]
[Result "1/2-1/2"]
[WhiteElo "1610"]
[BlackElo "1239"]
[PlyCount "43"]
[EventDate "2008.05.01"]
[EventType "swiss"]
[EventRounds "7"]
[EventCountry "GER"]
[SourceTitle "EXT 2018"]
[Source "ChessBase"]
[SourceDate "2017.10.13"]
[SourceVersion "1"]
[SourceVersionDate "2017.10.13"]
[SourceQuality "1"]

1. d4 Nf6 2. Bf4 d6 3. e3 g6 4. h3 Bg7 5. Nf3 0-0 6. Nbd2 Nbd7 7. c3 c5 8. Be2 b6 9. 0-0 Bb7 10. Nc4 Nd5 11. Bg3 N7f6 12. Re1 Ne4 13. Bh2 e6 14. Nfd2 Qh4 15. Nxe4 Qxe4 16. Nxd6 Nxe3 17. Nxe4 Nxd1 18. Raxd1 Bxe4 19. dxc5 bxc5 20. Bd6 Rfc8 21. Ba6 Rd8 22. Rxe4 1/2-1/2

[Event "Stuttgart-chB int"]
[Site "Ditzingen"]
[Date "2008.05.01"]
[Round "3"]
[White "Stiller, Norbert"]
[Black "Ilzhoefer, Karl Heinz"]
[Result "0-1"]
[WhiteElo "1239"]
[BlackElo "1646"]
[PlyCount "46"]
[EventDate "2008.05.01"]
[EventType "swiss"]
[EventRounds "7"]
[EventCountry "GER"]
[SourceTitle "EXT 2018"]
[Source "ChessBase"]
[SourceDate "2017.10.13"]
[SourceVersion "1"]
[SourceVersionDate "2017.10.13"]
[SourceQuality "1"]

1. d4 Nf6 2. Nf3 c6 3. e3 d5 4. Bd3 Bg4 5. Nbd2 Nbd7 6. 0-0 e5 7. dxe5 Nxe5 8. Be2 Nxf3+ 9. Bxf3 h5 10. Re1 Be7 11. b3 Qc7 12. Bb2 0-0-0 13. h3 Be6 14. Qe2 g5 15. Bxh5 Nxh5 16. Bxh8 Rxh8 17. g4 Nf6 18. f4 Rxh3 19. f5 Bd7 20. Nf1 Ne4 21. Qg2 Rh4 22. Re2 Bd6 23. c4 Ng3 0-1

[Event "Ulm/Neu Ulm-ch"]
[Site "Ulm/Neu Ulm"]
[Date "2007.10.19"]
[Round "3"]
[White "Stiller, Norbert"]
[Black "Spaeth, Gerhard"]
[Result "0-1"]
[WhiteElo "1332"]
[BlackElo "1675"]
[PlyCount "74"]
[EventDate "2007.09.21"]
[EventType "swiss"]
[EventRounds "7"]
[EventCountry "GER"]
[SourceTitle "EXT 2011"]
[Source "ChessBase"]
[SourceDate "2010.11.26"]
[SourceVersion "1"]
[SourceVersionDate "2010.11.26"]
[SourceQuality "1"]

1. d4 d5 2. Nf3 e6 3. e3 Nf6 4. Bd3 c5 5. c3 c4 6. Bc2 Nc6 7. 0-0 Be7 8. Nbd2 b5 9. Re1 0-0 10. e4 dxe4 11. Nxe4 Bb7 12. Bg5 Nxe4 13. Bxe7 Nxe7 14. Bxe4 Nd5 15. Qd2 Rb8 16. Ng5 h6 17. Nf3 Qd6 18. Ne5 Nf6 19. Bxb7 Rxb7 20. Re3 Nd7 21. Ng4 Qf4 22. Qe2 Rd8 23. Re4 Qg5 24. f4 Qd5 25. Re3 Qf5 26. Rf1 Nf6 27. Rg3 Nxg4 28. Rxg4 Rd5 29. Qf3 b4 30. h3 Rdb5 31. Re1 bxc3 32. Qxc3 Qd3 33. Rg3 Qxc3 34. bxc3 Rb2 35. Ra1 Rc2 36. Re3 Rbb2 37. a4 Rxg2+ 0-1

[Event "Stuttgart-chB int"]
[Site "Ditzingen"]
[Date "2006.05.26"]
[Round "4"]
[White "Stiller, Norbert"]
[Black "Polarczyk, Thomas"]
[Result "1/2-1/2"]
[WhiteElo "1327"]
[BlackElo "1122"]
[PlyCount "33"]
[EventDate "2006.05.25"]
[EventType "swiss"]
[EventRounds "7"]
[EventCountry "GER"]
[SourceTitle "EXT 2018"]
[Source "ChessBase"]
[SourceDate "2017.10.13"]
[SourceVersion "1"]
[SourceVersionDate "2017.10.13"]
[SourceQuality "1"]

1. d4 Nf6 2. Nf3 g6 3. Bg5 Bg7 4. e3 0-0 5. Bd3 e6 6. Nbd2 Nc6 7. c3 b6 8. Ne5 Bb7 9. Be4 d5 10. Bc2 Qd6 11. f4 Nd7 12. Nxd7 Qxd7 13. Qg4 a5 14. 0-0 Ba6 15. Rf3 Be2 16. Qh3 Bxf3 17. Nxf3 1/2-1/2